A Midsummer Night's Dream / (Record no. 15379)

MARC details
000 -LEADER
fixed length control field 01244nam a22002537a 4500
008 - FIXED-LENGTH DATA ELEMENTS--GENERAL INFORMATION
fixed length control field 110525s2008 enk|||||r|||| 000 j eng d
020 ## - INTERNATIONAL STANDARD BOOK NUMBER
International Standard Book Number 1405862386
020 ## - INTERNATIONAL STANDARD BOOK NUMBER
International Standard Book Number 9781405862387
020 ## - INTERNATIONAL STANDARD BOOK NUMBER
International Standard Book Number 9781405879200 (CD-ROM)
082 ## - DEWEY DECIMAL CLASSIFICATION NUMBER
Edition number 22
Classification number 428.6
Item number SHA
100 ## - MAIN ENTRY--PERSONAL NAME
9 (RLIN) 7572
Personal name Shakespeare, William,
245 ## - TITLE STATEMENT
Title A Midsummer Night's Dream /
Statement of responsibility, etc William Shakespeare; Retold by Chris Rice
260 ## - PUBLICATION, DISTRIBUTION, ETC. (IMPRINT)
Place of publication, distribution, etc Harlow :
Name of publisher, distributor, etc Pearson Education, 2008
Date of publication, distribution, etc 2008
300 ## - PHYSICAL DESCRIPTION
Extent viii, 55 p. :
Other physical details ill. ;
Dimensions 20 cm.
490 ## - Series Statement
-- 5756
Series statement Penguin readers ;
-- Level 3
521 ## - TARGET AUDIENCE NOTE
Target audience note A2: Pre-Intermediate
650 ## - SUBJECT ADDED ENTRY--TOPICAL TERM
9 (RLIN) 24032
Topical term or geographic name as entry element High interest-low vocabulary books
653 ## - INDEX TERM--UNCONTROLLED
Resource For college
Arrived date list May2011
700 ## - ADDED ENTRY--PERSONAL NAME
9 (RLIN) 24045
Personal name Rice, Chris
Relator term ntr
942 ## - ADDED ENTRY ELEMENTS (KOHA)
Source of classification or shelving scheme Dewey Decimal Classification
Item type Book - Borrowing
Holdings
Withdrawn status Item status Source of classification or shelving scheme Damaged status Not for loan Vendor Home library Current library Shelving location Date acquired Source of acquisition Cost, normal purchase price Serial Enumeration / chronology Total Checkouts Total Renewals Full call number Barcode Checked out Date last seen Date last borrowed Koha item type Public note
  Lost Dewey Decimal Classification     Baccah Central Library Central Library Second Floor 25/05/2011   40.00 12341 2 72 428.6 SHA 000023694 30/01/2014 31/12/2012 31/12/2012 Book - Borrowing  
    Dewey Decimal Classification     Baccah Central Library Central Library Second Floor 25/05/2011   40.00       428.6 SHA 000023695   24/08/2022   CD | DVD - With book Disc 1
    Dewey Decimal Classification     Baccah Central Library Central Library Second Floor 25/05/2011   40.00       428.6 SHA 000023696   24/08/2022   CD | DVD - With book Disc 2